00921nam a2200277 i 4500001000300000003000900003005001700012008003900029015001700068040004800085046000900133080001100142100003900153245005800192250001900250260005600269300003300325380001700358490003800375504001200413658001500425650002600440710004200466830003700508856009800545bgKOSZ 00520200630132823.0080810s1966 pl a f 001 0 pol aPB 1966/3131 aWA NcKOSZ 005/RWdKOSZ 005/RWdKOSZ 005/HR k1966 a514.121 aBorsuk, Karold(1905-1982).eAutor10aGeometria analityczna wielowymiarowa /cKarol Borsuk. aWyd. 3 nie zm. aWarszawa :bPaństwowe Wydawnictwo Naukowe,c1966. a463, [1] s. :bil. ;c25 cm. aKsiążki.1 aBiblioteka Matematyczna ;vt. 23. aIndeks. aMatematyka 4aGeometria analityczna2 aPaństwowe Wydawnictwo Naukowe4pbl. 0aBiblioteka Matematyczna,vt. 23. uhttp://koha.tu.koszalin.pl/cgi-bin/koha/opac-detail.pl?biblionumber=11392yKatalog online BPK